OPERATIONS RESEARCH (Record no. 31193)
[ view plain ]
| 000 -LEADER | |
|---|---|
| fixed length control field | 00321nam a22001457a 4500 |
| 003 - CONTROL NUMBER IDENTIFIER | |
| control field | SGT |
| 020 ## - INTERNATIONAL STANDARD BOOK NUMBER | |
| International Standard Book Number | 978-93-5161-011-3 |
| 082 ## - DEWEY DECIMAL CLASSIFICATION NUMBER | |
| Classification number | 658.403 |
| Item number | KAP |
| 100 ## - MAIN ENTRY--PERSONAL NAME | |
| Personal name | KAPOOR, V.K. |
| 245 ## - TITLE STATEMENT | |
| Title | OPERATIONS RESEARCH |
| 260 ## - PUBLICATION, DISTRIBUTION, ETC. (IMPRINT) | |
| Place of publication, distribution, etc | INDIA |
| Name of publisher, distributor, etc | S.CHAND |
| Year of Publication | 2025 |
| 300 ## - PAGE DESCRIPTION | |
| No. of Pages | 16.22 |
| 650 ## - SUBJECT ADDED ENTRY--TOPICAL TERM | |
| Topical term or geographic name as entry element | OPERATIONS RESEARCH |
| 942 ## - ADDED ENTRY ELEMENTS (KOHA) | |
| Source of classification or shelving scheme | Dewey Decimal Classification |
| Koha item type | Books |
| Withdrawn status | Lost status | Source of classification or shelving scheme | Damaged status | Not for loan | Collection code | Home library | Current library | Shelving location | Date acquired | Vendor Name | Cost, normal purchase price | SGTU | Bill Number | Full call number | Accession No. (Barcode) | Date last seen | Bill Date | Koha item type | Total Checkouts | Checked out | Date last borrowed |
|---|---|---|---|---|---|---|---|---|---|---|---|---|---|---|---|---|---|---|---|---|---|
| Dewey Decimal Classification | Not For Loan | SCIENCE | SGT Science & Social Sciences Library | SGT Science & Social Sciences Library | Reference Book | 19/05/2025 | SAVERA BOOK DISTRIBUTORS | 625.00 | SGTU | 25-26/CRB/41 | 658.403 KAP | AG2646 | 19/05/2025 | Books | |||||||
| Dewey Decimal Classification | SCIENCE | SGT Science & Social Sciences Library | SGT Science & Social Sciences Library | Text Book | 19/05/2025 | SAVERA BOOK DISTRIBUTORS | 625.00 | SGTU | 25-26/CRB/41 | 658.403 KAP | AG2647 | 19/05/2025 | Books | ||||||||
| Dewey Decimal Classification | SCIENCE | SGT Science & Social Sciences Library | SGT Science & Social Sciences Library | Text Book | 19/05/2025 | SAVERA BOOK DISTRIBUTORS | 625.00 | SGTU | 25-26/CRB/41 | 658.403 KAP | AG2648 | 26/02/2026 | Books | 1 | 28/03/2026 | 26/02/2026 | |||||
| Dewey Decimal Classification | SCIENCE | SGT Science & Social Sciences Library | SGT Science & Social Sciences Library | Text Book | 19/05/2025 | SAVERA BOOK DISTRIBUTORS | 625.00 | SGTU | 25-26/CRB/41 | 658.403 KAP | AG2649 | 19/05/2025 | Books | ||||||||
| Dewey Decimal Classification | SGT Science & Social Sciences Library | SGT Science & Social Sciences Library | 19/05/2025 | SAVERA BOOK DISTRIBUTORS | 625.00 | SGTU | 25-26/CRB/41 | 658.403 KAP | AG2650 | 19/05/2025 | Books |